000 01544nkm a2200361 c 4500
999 _c211021
_d211021
003 BLK
005 20220210084537.0
008 180412b bul rap|r|||| r0| ||bulo|
010 _aKNG00175006000
040 _aBLK
041 _aBUL
_cBUL
072 7 _2bullib
_aК
_xКраезнание
080 _aВисши селскостопански учебни заведения
_b378.963
_x(497.215)((084)
_z378.963(497.215)((084)
080 _aУниверситети
_b378.4
_x(497.215)
_z378.4(497.215)
139 _a[Висш институт по механизация и електрификация на селското стопанство] ВИМЕСС - Русе
_bВ 64
245 1 0 _a[Висш институт по механизация и електрификация на селското стопанство] ВИМЕСС - Русе
_bДесети юбилеен випуск 1960 - 1965 г. : Фотоалбум
257 _aBGR
260 _bФотоиздат
_c1966
300 _a85 с.
_c16 см
380 _a3
650 4 _aВисши учебни заведения - България - Русе
_9271055
651 4 _aБългария
_9241624
651 4 _aРусе
_9179462
653 _aРусенски университет
653 _aуниверситети
653 _aистория
659 _aК
852 _aЦб Гр А І 1107
852 _aК 378/В 64
856 4 _qpdf
_u
856 4 _qpdf
_u
942 _cGRA
_n0
_s1
944 _aCR
_c11.05.2015
_kВаля_Йорданова
944 _aED
_c11.05.2015
_kВаля_Йорданова
999 _d211021